000 00282nam a22001337a 4500
008 170206b xxu||||| |||| 00| 0 eng d
020 _a9780071377287
041 _aeng
080 _a61
100 _a3
101 _aSHM
245 _aUSMLE STEP 2
_cCARLYLE.H CHAN
942 _2udc
_cBK
999 _c4691
_d4691